00449nam a2200181Ia 4500008004100000020001800041050001400059100002000073245002600093245004900119260001500168260001600183260000900199300001400208300002700222300001000249500000800259170918s9999 xx 000 0 und d a9780590451375 bK498 1988 aKimmel, Eric A. 4aThe chanukkah guest / cEric A. Kimmel ; illustrated by Giora Carmi. aNew York : bScholastic, c1988 aunpaged : bcolored illustration ; c25cm. a450